Markov chains /

Guardado en:
Autor Principal: Norris, J. R.
Formato: Libro
Idioma:English
Publicado: Cambridge, UK : Cambridge University Press, c1997.
Series:Cambridge series on statistical and probabilistic mathematics.
Materias:
Acceso en línea:Publisher description
Etiquetas: Agregar Etiqueta
Sin Etiquetas, Sea el primero en etiquetar este registro!
LEADER 01045pam a2200253 a 4500
001 MAT.inmabb004448
008 960701s1997####enka#####b####001#0#eng##
005 20130312094246.0
245 1 0 |a Markov chains /  |c J.R. Norris. 
260 |a Cambridge, UK :  |b Cambridge University Press,  |c c1997. 
300 |a xvi, 237 p. :  |b il. ;  |c 26 cm. 
440 0 |a Cambridge series on statistical and probabilistic mathematics. 
504 |a Incluye referencias bibliográficas (p. [232]-233) e índice. 
505 0 |a 1. Discrete-time Markov chains -- 2. Continuous-time Markov chains I -- 3. Continuous-time Markov chains II -- 4. Further theory -- 5. Applications 
510 4 |a MR,  |c 99c:60144 
020 |a 0521481813 (hbk.) 
020 |a 0521633966 (pbk.) 
100 1 |a Norris, J. R.  |q (James R.) 
650 0 |a Markov processes. 
084 |a 60J10 (60-01 60J27)  |2 msc2000 
010 |a  96031570  
040 |a DLC  |c DLC  |d DLC 
856 4 2 |3 Publisher description  |u http://www.loc.gov/catdir/description/cam028/96031570.html 
859 |h 60  |i N853  |p A-8436  |b BIB. MATEMATICA